000
00277nam a22001217a 4500
008
181204b xxu||||| |||| 00| 0 eng d
041
_a
eng
080
_a
004
100
_a
28
101
_a
SHKI
245
_a
Teach Yourself...Word Perfect 6.0
_c
Weingarten, J
942
_2
udc
_c
BK
999
_c
52794
_d
52794